Statistics for Random Turkish Words

Click here to take the quiz!

General Stats

  • This quiz has been taken 2,309 times
    (2,272 since last reset)
  • The average score is 20 of 24

Answer Stats

TurkishEnglish% Correct
MerhabaHello
98%
TeşekkürlerThanks
96%
EvetYes
96%
ÇayTea
94%
AnneMother
92%
ElmaApple
90%
BirOne
90%
ÇocukChild
89%
GitGo
87%
SütMilk
86%
KediCat
85%
AşkLove
85%
SaatClock
84%
ÇiçekFlower
82%
İngiltereEngland
81%
MaymunMonkey
79%
KahverengiBrown
77%
HerkesEverybody
76%
DağMountain
72%
GüçlüStrong
72%
KaranlıkDark
70%
RüzgarWind
70%
OğlanBoy
66%
KaleCastle
63%

Score Distribution

Percentile by Number Answered

Percent of People with Each Score

Your Score History

You have not taken this quiz since the last reset